|
|
|
|
| LEADER |
00000nas a22000007a 4500 |
| 001 |
ssj0000154 |
| 003 |
WaSeSS |
| 005 |
20200512172242.0 |
| 006 |
m d |
| 007 |
cr n |
| 008 |
980414c19359999miubn pss 0 a0eng c |
| 010 |
|
|
|a 2009200300
|
| 022 |
|
|
|a 1949-0275
|l 0013-127X
|y 0013-127X
|
| 035 |
|
|
|a (WaSeSS)ssj0000154
|
| 037 |
|
|
|b Prakken Publications, PO Box 8623, Ann Arbor, MI 48107
|
| 040 |
|
|
|a FGA
|b eng
|c FGA
|d OCL
|d MPB
|d OCL
|d OCLCQ
|d NSD
|d OCLCQ
|d OCLCO
|d OCLCQ
|d OCLCF
|d OCLCO
|d VT2
|d OCLCQ
|d WaSeSS
|
| 042 |
|
|
|a pcc
|a nsdp
|
| 082 |
1 |
0 |
|a 370
|2 14
|
| 130 |
0 |
|
|a Education digest (Ann Arbor, Mich. : Online)
|
| 222 |
|
4 |
|a The education digest
|b (Ann Arbor, Mich. : Online)
|
| 245 |
1 |
4 |
|a The education digest
|h [electronic resource].
|
| 246 |
1 |
3 |
|a Ed digest
|
| 260 |
|
|
|a Ann Arbor, MI :
|b Prakken Publications
|
| 310 |
|
|
|a Nine times a year
|
| 362 |
1 |
|
|a Print began with vol. 1, no. 1 (Nov. 1935).
|
| 506 |
|
|
|a License restrictions may limit access.
|
| 588 |
|
|
|a Description based on: Vol. 57, issue 5 (Jan. 1992); title from UMI Proquest Direct available issues screen (viewed Apr. 14, 1998).
|
| 588 |
|
|
|a Latest issue consulted: Vol. 74, no. 9 (May 2009) (eddigest.com website, viewed June 10, 2009).
|
| 650 |
|
0 |
|a Education
|v Periodicals.
|
| 650 |
|
7 |
|a Education.
|2 fast
|0 (OCoLC)fst00902499
|
| 655 |
|
0 |
|a Electronic journals.
|
| 776 |
1 |
|
|t Education digest (Ann Arbor, Mich.)
|x 0013-127X
|w (DLC) 39013631
|w (OCoLC)1567544
|
| 856 |
4 |
0 |
|z Full text available from Research Library: 01/01/1988 to present
|u https://search.proquest.com/publication/25066
|